000 00737cam a2200229 4500
003 OSt
005 20170107114305.0
008 080211s2015 arg spa
020 _a978-607-9356-67-5
040 _aBMC
_cBMC
082 _a611.018
100 1 _940692
_aJunqueira, Luiz Carlos Uchôa
245 1 0 _aHistología básica
_b: texto y atlas
_cL.C. Junqueira, José Carneiro ; [traducción, Marina González, Gustavo Mezzano]
250 _a12ª ed
260 _aMéxico D.F.
_bMédica Panamericana
_c2015
300 _a537 p.
_bil. col. y n.
_c28 cm
650 2 4 _aHistología
_97970
700 1 _940693
_aCarneiro, José‏
700 1 _940694
_aGonzález, Marina
700 1 _940695
_aMezzano, Gustavo‏
942 _2ddc
_cBK
999 _c26848
_d26848